| 000 | 01781nam a22003495a 4500 | ||
|---|---|---|---|
| 001 | 13134178 | ||
| 003 | LC | ||
| 005 | 20160308153721.0 | ||
| 008 | 030321s2003 nhu 000 0 eng | ||
| 010 | _a 2003104356 | ||
| 020 | _a1880418533 | ||
| 020 | _a9780670691999 | ||
| 035 | _a(DLC) 2003104356 | ||
| 040 |
_aDLC _cDLC |
||
| 042 | _apcc | ||
| 050 |
_aPS 3561.I483 _b.K52 1984 |
||
| 082 |
_aFIC K58t _b1984 |
||
| 100 | 1 |
_aKing, Stephen. _919035 |
|
| 245 | 1 | 4 |
_aThe talisman / _cStephen King, Peter Straub. |
| 250 | _a1st ed. | ||
| 260 |
_aHampton Falls, NH : _bDonald M. Grant, Publisher, _c2003. |
||
| 263 | _a0306 | ||
| 300 |
_a644 p. : _c24 cm. |
||
| 520 | _aOn a brisk autumn day, a thirteen-year-old boy stands on the shores of the gray Atlantic, near a silent amusement park and a fading ocean resort called the Alhambra. The past has driven Jack Sawyer here: his father is gone, his mother is dying, and the world no longer makes sense. But for Jack everything is about to change. For he has been chosen to make a journey back across Americaand into another realm. One of the most influential and heralded works of fantasy ever written, The Talisman is an extraordinary novel of loyalty, awakening, terror, and mystery. Jack Sawyer, on a desperate quest to save his mother's life, must search for a prize across an epic landscape of innocents and monsters, of incredible dangers and even more incredible truths. The prize is essential, but the journey means even more. Let the quest begin. . . . | ||
| 650 | _aQuests (Expeditions) -- Fiction. | ||
| 650 | _aMothers and sons -- Fiction. | ||
| 650 | _aTalismans -- Fiction. | ||
| 906 |
_a0 _bibc _corignew _d2 _eepcn _f20 _gy-gencatlg |
||
| 942 |
_2lcc _cBK |
||
| 999 |
_c11588 _d11588 |
||